00250nam a2200109Ia 4500008004100000041000800041082001500049100000800064245001800072260004300090365000700133240624s9999 xx 000 0 und d aeng a346.07 CCH aCCH aBUSINESS LAWS c2012aGurgaonbWolters Kluwer Business cRS